000 00489nam a2200193 a 4500
001 1756183914556
003 ACL
005 20250826102344.0
008 250826s1987##################000#0#eng##
020 _a9780486253930
082 0 4 _a746.434041
_bCHR
100 1 _aChristopher, Barbara,
_eauthor.
245 1 0 _a60 Crocheted Snowflakes :
260 _bCourier Corporation,
_c1987.
300 _a36 pages
650 0 _aCrafts & Hobbies.
942 _cENGLISH
040 _aACL
_beng
_cACL
999 _c583942
_d583942